00649nam a2200181Ia 4500008004100000020002200041041000800063082001500071100001500086245002500101250001100126260004200137300001000179500001800189650002100207999002100228952021800249260520s2024 xx 000 0 und d a978-93-6386-163-3 aeng a006.31/BAK aBaker, Pam aChat GPT for dummies a1st ed aNEW DELHIbWiley India pvt Litdc2024 a159p. aCat No: 14991 aCOMPUTER SICENCE c1221797d1221797 001040708CaPKSbPKSc2d2026-04-07eBharati Madhyavarti Sahakari Grahak Bhandar, Pune (Best Book Supplier, Kolhapur)g849.00l0o006.31/BAKpPKS-25169r2026-05-20 00:00:00w2026-05-20yBKzGeneral book section